Reminiscing and predicting: Rogers's beyond words speech and commentary (Record no. 66555)

000 -LEADER
fixed length control field 00438pab a2200157 454500
008 - FIXED-LENGTH DATA ELEMENTS--GENERAL INFORMATION
fixed length control field 180718b2005 xxu||||| |||| 00| 0 eng d
100 ## - MAIN ENTRY--PERSONAL NAME
Personal name Rogers, Carl R.
245 ## - TITLE STATEMENT
Title Reminiscing and predicting: Rogers's beyond words speech and commentary
260 ## - PUBLICATION, DISTRIBUTION, ETC.
Date of publication, distribution, etc. 2005
300 ## - PHYSICAL DESCRIPTION
Extent p.383-96.
362 ## - DATES OF PUBLICATION AND/OR SEQUENTIAL DESIGNATION
Dates of publication and/or sequential designation Summer
650 ## - SUBJECT ADDED ENTRY--TOPICAL TERM
Topical term or geographic name entry element Therapy
700 ## - ADDED ENTRY--PERSONAL NAME
Personal name Cornelius-White, Jeffrey H.D.
773 ## - HOST ITEM ENTRY
Main entry heading Journal of Humanistic Psychology
909 ## -
-- 66555
Holdings
Withdrawn status Lost status Damaged status Not for loan Permanent Location Current Location Date acquired Serial Enumeration / chronology Barcode Date last seen Price effective from Koha item type
        Indian Institute of Public Administration Indian Institute of Public Administration 2018-07-19 Volume no: 45, Issue no: 3 AR67007 2018-07-19 2018-07-19 Articles

Powered by Koha